000 00582nam a2200193 4500
001 136119
003 ES-MaACL
005 20240503113024.0
007 t|
008 070214s1978 sp r ||||1| spa d
100 1 _aRuiz de la Peña, Juan Luis.
_9100749
245 1 0 _aMuerte y marxismo humanista
_b: aproximación teológica /
_cJuan Luis Ruiz de la Peña.
260 _aSalamanca :
_bSígueme,
_c1978.
300 _a209 p. ;
_c23 cm.
490 1 _aAgora
830 0 _aColección Ágora
_9180771
852 _aES-MaACL
_jA-9459
_bR.98507
999 _c136119
_d136119